| 000 | 00819nam a22002417a 4500 | ||
|---|---|---|---|
| 999 |
_c15365 _d15365 |
||
| 003 | AR-CdUCM | ||
| 008 | 190426b ||||| |||| 00| 0 spa d | ||
| 020 | _a978-607-735-524-3 | ||
| 040 |
_aMUNICIPALIDAD PROVINCIAL DEL CUSCO _cBIBLIOTECA MUNICIPAL DEL CUSCO |
||
| 041 | _hspa | ||
| 082 |
_aEP / 808.06 _bH31 |
||
| 100 |
_aHauviller, Gaston _934409 |
||
| 245 |
_aLa receta secreta de la abuela Magdalena : _by de su hija, su nieta, su bisnieta y su tátara... todas Magdalenas / |
||
| 260 |
_aBarcelona : _bOceano, _c2016. |
||
| 300 |
_a67 paginas ; _bIlustraciones, _c26 cm. |
||
| 650 |
_aLiteratura infantil _9588 |
||
| 650 |
_aLa abuela _934410 |
||
| 650 |
_aLa cocina _934411 |
||
| 650 |
_aAprendiendo a cocinar _934412 |
||
| 700 |
_aGatti, Roberto _934413 |
||
| 942 |
_2ddc _cLIBROS |
||
| 945 |
_awnts _d2019-04-26 |
||